Arquitectura en Santiago. Siglo XVII a XIX. Por el arquitecto Eduardo Secchi. Editado por la Comisión del IV Centenario de la ciudad

Enregistré dans:
Détails bibliographiques
Auteur principal: Secchi, Eduardo (Auteur)
Format: Livre
Langue:espagnol
Publié: Santiago Zig Zag 1941
Édition:1a. ed
Sujets:
Tags: Ajouter un tag
Pas de tags, Soyez le premier à ajouter un tag!

MARC

LEADER 00000nam a2200000 a 4500
001 UCJ6557
003 CL-VaPUC
008 070124e19410917CL |||||||||||||||||spa|d
082 0 4 |a 720  |b SEC  |2 21 
100 0 |a Secchi, Eduardo  |e author  |9 513406 
245 1 0 |a Arquitectura en Santiago. Siglo XVII a XIX. Por el arquitecto Eduardo Secchi. Editado por la Comisión del IV Centenario de la ciudad 
250 |a 1a. ed 
300 |a 165 p 
942 |c BK 
945 |d 20070124 00:00:00  |a rinostro 
260 |a Santiago  |b Zig Zag  |c 1941 
500 |a Ilustraciones sin indizar.- Ubicado en estantería perteneciente a Don Eduardo, área de Egipto y Arqueología 
650 0 |a Arquitectura  |9 804558 
650 0 |a Edificios públicos   |9 269003 
650 0 |a Palacios   |9 326189 
650 7 |a TEMPLOS  |2 CL-VaPUC  |9 266644 
650 0 |a Hospitales   |9 335788 
650 0 |a Historia local  |9 266584 
650 7 |a CALLES Y PASEOS  |2 CL-VaPUC  |9 329702 
650 0 |a Ilustraciones  |9 369481 
651 0 |a Santiago  |9 265444 
583 |a last modification  |c 20070124 00:00:00  |k Rodrigo Vera 
999 |c 322659  |d 322657 
952 |0 0  |1 0  |4 0  |6 720_000000000000000_SEC_1941  |7 0  |8 X  |9 401707  |a FDOBUD  |b FDOBUD  |d 2019-11-22  |i 1049615  |o 720 SEC 1941  |p 1049615  |r 2019-11-22  |w 2019-11-22  |y BK_X  |k BUD